Biology Terms A-Z - Statistics

General Stats
  • This quiz has been taken 367 times
    317 since last reset
  • The average score is 16 of 26
Answer Stats
Definiton Word % Correct
C The basic unit of life Cell
91%
N The center of a cell that contains the DNA Nucleus
90%
D A nucleic acid that serves as the basic genetic code Deoxyribonucleic acid
87%
J A place where two bones come together Joint
87%
P The use of sunlight, water, and carbon dioxide to produce sugars and oxygen Photosynthesis
84%
M The division of a cell Mitosis
79%
O The diffusion of water across a semipermeable membrane Osmosis
79%
G A segment of DNA that codes for a protein and determines a trait Gene
77%
E The study of interactions between organisms and their environment Ecology
76%
B A single-celled organism with a lack of a nucleus Bacterium
72%
R The process by which one or more organisms produce offspring Reproduction
68%
Z A fertilized egg cell Zygote
68%
I An animal that does not have a backbone Invertebrate
67%
Y A single-celled fungus that reproduces asexually; found in baked goods Yeast
65%
K The second phase of cellular respiration where pyruvic acid is broken down into carbon dixoide; also called the citric acid cycle {Krebs} cycle
60%
A An organism that produces it own energy; a producer Autotroph
57%
F When male and female reproductive cells join to form a new cell Fertilization
56%
H An organism that takes in energy from other organisms; a consumer Heterotroph
50%
X A plant tissue that transports water from the roots to other parts Xylem
50%
V An organelle that serves as the cell's storage tanks Vacuole
47%
T The study of naming, defining, and classifying organisms based on characteristics Taxonomy
44%
S A close interaction between two different organisms Symbiosis
35%
W An ecosystem where water covers most of the ground for all or part of the year Wetland
35%
L An immune system cell involved in fighting disease and infection; a white blood cell Leukocyte
27%
U The layer underneath the canopy in a rainforest Understory
8%
Q A compound necessary in electron transport in photosynthesis Quinone
5%
No matching quizzes found
Score Distribution
Percent of People with Each Score
Percentile by Number Answered
Your Score History
You have not taken this quiz since the last reset